| 000 | 00620nam a2200217Ia 4500 | ||
|---|---|---|---|
| 008 | 140321s9999 xx 000 0 und d | ||
| 020 | _a9781448868117 | ||
| 050 |
_aBF 637.B85 _b.So66 2013 |
||
| 100 | _aSonneborn, Liz | ||
| 245 |
_aHow to beat verbal bullying / _cLiz Sonneborn. |
||
| 250 | _a1st ed. | ||
| 260 |
_aNew York : _bRosen Central, _cc2013. |
||
| 300 |
_a48 p. : _bcol. ill. ; _c24 cm. |
||
| 440 | _a(Beating bullying). | ||
| 500 | _aIncludes bibliographical references and index. | ||
| 521 | _aEDUC | ||
| 650 | _aBullying. | ||
| 650 | _aVerbal self-defense. | ||
| 942 |
_kFOR _cBK |
||
| 999 |
_c48635 _d48635 |
||